ბათუმის შოთა რუსთაველის სახელმწიფო უნივერსიტეტის ბიბლიოთეკა

Конструкций гражданских зданий. (ბიბ.ჩანაწერი № 41419)

000 -LEADER
fixed length control field 00661nam a2200217Ia 4500
001 - CONTROL NUMBER
control field 8081
003 - CONTROL NUMBER IDENTIFIER
control field GE_BSU
008 - FIXED-LENGTH DATA ELEMENTS--GENERAL INFORMATION
fixed length control field 181216s||||||||xx |||||||||||||| ||und||
040 ## - CATALOGING SOURCE
Transcribing agency GE_BSU
080 ## - UNIVERSAL DECIMAL CLASSIFICATION NUMBER
Universal Decimal Classification number 62.04:72/728(075.8)
100 ## - MAIN ENTRY--PERSONAL NAME
Personal name Туполев,М.С. Шкинель,А.Н. Попов,А.П. и др.
245 ## - TITLE STATEMENT
Title Конструкций гражданских зданий.
245 ## - TITLE STATEMENT
Statement of responsibility, etc. Ред. изд-ва Т.В.Горячева.
260 ## - PUBLICATION, DISTRIBUTION, ETC.
Place of publication, distribution, etc. М.
260 ## - PUBLICATION, DISTRIBUTION, ETC.
Name of publisher, distributor, etc. Стройиздат.
260 ## - PUBLICATION, DISTRIBUTION, ETC.
Date of publication, distribution, etc. 1968.
300 ## - PHYSICAL DESCRIPTION
Extent 238стр.26см.
300 ## - PHYSICAL DESCRIPTION
Accompanying material табл.
653 ## - INDEX TERM--UNCONTROLLED
Uncontrolled term Конструкций гражданских зданий.
942 ## - ADDED ENTRY ELEMENTS (KOHA)
Koha item type წიგნი
ეგზემპლარები
Withdrawn status Lost status Damaged status Not for loan Date acquired Barcode Date last seen Price effective from Koha item type
        2018-12-17 10009 2018-12-17 2018-12-17 წიგნი